| 000 | 00703nam a2200217Ii 4500 | ||
|---|---|---|---|
| 003 | JO-AjNU | ||
| 008 | 230605s9999||||xx |||||||||||||| ||und|| | ||
| 017 | _a1993/4651 | ||
| 040 |
_aJO-AjNU _bara _erda _cJO-AjNU |
||
| 041 | _aara | ||
| 050 | 1 | 4 | _aLB3044.T36 1993 |
| 100 | 3 |
_aالحاج عيسى، مصباح, _eauthor _939459 |
|
| 245 | 0 | 0 | _aالتقنيات التربوية بين النظرية والتطبيق |
| 250 | _aط3 | ||
| 264 | 3 | 1 | _aبغداد:مؤسسة المعاهد الفنية،1993 |
| 300 | _a174ص | ||
| 336 |
_atext _btxt _2rdacontent |
||
| 337 |
_aunmediated _bn _2rdamedia |
||
| 338 |
_avolume _bnc _2rdacarrier |
||
| 650 | 4 |
_aتربية وتعليم-تقنيات _939460 |
|
| 999 |
_aA16666 _c20234 _d20234 |
||